Songs nach erstem Vers - Statistiken

Allgemein
  • Dieses Quiz wurde 2.899 mal gespielt
  • Das Durchschnittsergebnis liegt bei 8 aus 15
Antwortstatistiken
Vers Jahr Interpret Lied % Korrekt
Wir ziehen durch die Straßen und die Clubs dieser Stadt 2013 Helene Fischer Atemlos durch die Nacht
96%
Ich wart' seit Wochen 2012 Die Toten Hosen Tage wie diese
79%
Warum machst du dir 'n Kopf? 2016 Mark Forster Chöre
68%
I think I did it again 2000 Britney Spears Oops!…I Did It Again
66%
Baby, bitte mach dir nie mehr Sorgen um Geld 2012 Cro Einmal um die Welt
59%
She was more like a beauty queen from a movie scene 1982 Michael Jackson Billie Jean
58%
Zu sechst im Mercedes, weil alle Jungs müssen mit 2016 Bonez MC & RAF Camora feat. Maxwell Ohne mein Team
51%
His palms are sweaty, knees weak, arms are heavy 2002 Eminem Lose Yourself
49%
There lived a certain man in Russia long ago 1978 Boney M. Rasputin
49%
Load up on guns, bring your friends 1991 Nirvana Smells Like Teen Spirit
49%
When the pimp's in the crib ma 2004 Snoop Dogg feat. Pharrell Drop It Like It's Hot
40%
Like the legend of the phoenix, huh 2013 Daft Punk feat. Pharrell Williams Get Lucky
39%
When I walk on by, girls be looking like damn he fly 2011 LMFAO Sexy and I Know It
24%
I'm a lonesome rider 1999 Stefan Raab Maschen-Draht-Zaun
19%
We all came out to Montreux 1972 Deep Purple Smoke On The Water
15%
Keine übereinstimmenden Quizze gefunden
Verteilung der Resultate
Anzahl Personen mit jedem Resultat
Perzentil nach korrekt beantworteten Fragen
Ihre Resultats-Entwicklung
Sie haben dieses Quiz noch nicht gespielt